000 02113nam a22003377a 4500
999 _c21745
_d21745
003 AR-CdUCM
008 190425b ||||| |||| 00| 0 spa d
040 _aMUNICIPALIDAD PROVINCIAL DEL CUSCO
_cBIBLIOTECA MUNICIPAL DEL CUSCO
082 _aRev.Univ/N°90,91/1946
_bRev.Univ/N°90,91/1946
110 _aUniversidad Nacional de San Antonio Abad del Cusco
_915942
245 _aRevista Universitaria :
_bÓrgano de la Universidad del Cuzco /
260 _aCusco :
_bH.G. Rozas,
_c1946.
300 _a252 páginas. :
_bilustraciones ;
_c20 cm.
440 _aRevista Universitaria
_nAño XXXV, 1°y 2° semestre 1946, N°90,91.
_945942
500 _aHomenaje al 250 aniversario de su fundación
505 _aContenido: Nuestra organización judicial, discurso de orden pronunciado por José M. Garrido Mendívil en apertura al año académico de 1946. -- El CCL Aniversario de la Universidad de San Antonio Abad del Cuzco. Julián Santisteban Ochoa. -- Huakaypata la plaza mayor del viejo Cuzco. Jorge Cornejo Bouroncle. -- Algunas observaciones antropométricas en los campesinos de Anta. Sergio A Quevedo. -- Homenaje a la Universidad Nacional del Cuzco, discurso pronunciado por Roberto Garmendia en el seno del Rotary Club. -- John Dewey y su influencia en la educación peruana. José Gabriel Callo. -- El arte peruano conferencia de Felipe Cossío del Pomar. -- Cuadro de autoridades, personal administrativo y docente e instituciones estudiantiles de la Universidad Nacional del Cuzco. -- Crónica.
650 _aUniversidad Nacional de San Antonio Abad del Cusco
_915944
650 _aHuacaypata
_945943
650 _aAmbientes urbanos
_934658
650 _aPlaza mayor del Cusco
_945944
650 _aEducación peruana
_93585
650 _aArte peruano
_95992
650 _aSiglo XX
_945945
700 _aSantiesteban Ochoa, Julián
_929993
700 _aCornejo Bouroncle, Jorge
_915278
700 _aSantisteban Ochoa, Julián
_929993
700 _aCossío del Pomar, Felipe
_92452
710 _aUniversidad Nacional de San Antonio Abad del Cusco
_915942
942 _2ddc
_cPP
945 _arac